La gobernanza europea: libro blanco
Salvato in:
| Ente Autore: | |
|---|---|
| Natura: | Libro |
| Lingua: | spagnolo |
| Pubblicazione: |
Luxemburgo
Comunidad Europea
2001
|
| Soggetti: | |
| Tags: |
Aggiungi Tag
Nessun Tag, puoi essere il primo ad aggiungerne!!
|
MARC
| LEADER | 00000nam a2200000 a 4500 | ||
|---|---|---|---|
| 001 | UCM3379 | ||
| 003 | CL-VaPUC | ||
| 008 | 020705e20010000lu |||||||||||||||||spa|d | ||
| 082 | 0 | 4 | |a 337.142 |b COM |2 21 |
| 110 | 2 | |a Comisión Europea |e author |9 470123 | |
| 245 | 1 | 3 | |a La gobernanza europea: libro blanco |
| 300 | |a 75 p | ||
| 942 | |c BK | ||
| 945 | |d 20020705 00:00:00 |a cmena | ||
| 260 | |a Luxemburgo |b Comunidad Europea |c 2001 | ||
| 650 | 0 | |a Cooperación internacional |9 255447 | |
| 650 | 0 | |a Política internacional |9 255813 | |
| 650 | 0 | |a Problemas sociales |9 258537 | |
| 583 | |a last modification |c 20171005 03:28:13 |k Rodrigo Vera | ||
| 999 | |c 300747 |d 300745 | ||
| 952 | |0 0 |1 0 |4 0 |6 337_142000000000000_COM_2001 |7 0 |8 A |9 358970 |a BIBDER |b BIBDER |d 2019-11-21 |i 3815188 |o 337.142 COM 2001 |p 3815188 |r 2023-01-25 |w 2019-11-21 |y BK |k DER | ||